Calculations of the effect of blowing from the leading edges of a slender delta wing /

Bibliographic Details
Main Author: Barsby, J. E.
Corporate Author: Aeronautical Research Council (Great Britain)
Format: Book
Language:English
Published: London : Her Majesty's Stationery Office, 1972.
Series:Reports and memoranda (Aeronautical Research Council (Great Britain)) ; no. 3692.
Subjects:

MARC

Tag First Indicator Second Indicator Subfields
LEADER 00000cam a2200000 a 4500
001 in00001402800
005 20151020053038.0
008 971209s1972 enka b f000 0 eng d
035 |a (OCoLC)38058042 
035 |9 AHM6825AM 
040 |a TXA  |c TXA  |d UtOrBLW 
049 |a TXAM 
090 |a TL526.G7  |b A4 no. 3692 
100 1 |a Barsby, J. E. 
245 1 0 |a Calculations of the effect of blowing from the leading edges of a slender delta wing /  |c by J.E. Barsby. 
264 1 |a London :  |b Her Majesty's Stationery Office,  |c 1972. 
300 |a 74 pages :  |b illustrations ;  |c 28 cm. 
336 |a text  |b txt  |2 rdacontent 
337 |a unmediated  |b n  |2 rdamedia 
338 |a volume  |b nc  |2 rdacarrier 
490 1 |a Aeronautical Research Council. Reports and memoranda ;  |v no. 3692 
500 |a Correction inserted page 40. 
500 |a Cover title. 
500 |a "April, 1971" -- page [1]. 
500 |a "Replaces RAE Technical Report Number 71077--A.R.C. 33029" -- page [1]. 
504 |a Includes bibliographical references (pages 35-36). 
650 0 |a Leading edges (Aerodynamics) 
650 0 |a Airplanes  |x Wings, Triangular. 
710 2 |a Aeronautical Research Council (Great Britain) 
830 0 |a Reports and memoranda (Aeronautical Research Council (Great Britain)) ;  |v no. 3692. 
999 |a MARS 
999 f f |s 672e7e2e-4fa1-3a12-906a-fe7a6d92fd31  |i f06afdd1-772a-3801-99e3-af0f79aa5086  |t 0 
952 f f |p ric  |a Texas A&M University  |b Rellis Campus  |c Joint Library Facility  |d Remote Storage  |t 0  |e TL526.G7 A4 no. 3692  |h Library of Congress classification  |i unmediated -- volume  |m A14821472308 
998 f f |a TL526.G7 A4 no. 3692  |t 0  |l Remote Storage